MDQL
is popping MORE tags! Check the
thread
!
Quizzes
Events
Quiz Creation
Community
Videos
Private Events
Remove Ads
Sign In
Join for FREE
Feedback
Dark Mode
Quiz Categories
Sports
Geography
Music
Movies
Television
Just For Fun
Miscellaneous
History
Literature
Language
Science
Gaming
Entertainment
Religion
Holiday
For Kids
Quiz Lab
Recent
Popular Today
Quiz Kudos Today
Editor Picks
Curator Picks
Quizzes by...
Day
Popularity
Type
Ratings
Length
Year
Community
Subscriptions
Recent Discussions
Orange Saloon
Badges
Playlists
Quests
Create
Leaderboards
Showdown
Live 5
Trivia Bingo
Activity
Puzzle Library
Sporcle Events
Private Events
Virtual Trivia
Globe League
Become a Host
Pub Owners
SporcleCon
Opinionation
Our Games
Videos
Blog
Mobile Apps
Partnerships
Remove Ads and Go Orange
Feedback
Movies
Disney
Marvel Cinematic Universe
Movie Resume
Movie Titles
Oscar
Actor
Actress
Director
Pixar
Role
Movie Quotes
Movie Characters
Box Office
Nominee
Best Picture
Star Wars
James Bond
Horror Movies
Movies
Disney
Marvel Cinematic Universe
Movie Resume
Movie Titles
Oscar
Actor
Actress
Director
Pixar
Role
Movie Quotes
Movie Characters
Box Office
Nominee
Best Picture
Star Wars
James Bond
Horror Movies
Random Quiz
Search Sporcle
×
Quiz Lab
Quiz Lab
Movies
Actor
Type in answers that appear in a list
Type in answers that appear in a list
Classic
Best Score? Go Orange.
Bravo's 100 Funniest Movies Stats
Can you name the Bravo's 100 Funniest Movies?
By
Nolan
18m
100 Questions
617 Plays
617 Plays
617 Plays
Comments
Comments
Give Quiz Kudos
Give Quiz Kudos
-
- Ratings
hide this ad
Replay
Link that replays current quiz
Next Quiz
Link to next quiz in quiz playlist
You Got
0%
They Got
Avg Score
44%
Avg Friend Score
Upgrade to see
Score Distribution
Jump to the score distribution portion of the page
Score
0/100
Timer
18:00
0
Plays Today
Lead Actor
Movie
% Correct
John Belushi
National Lampoon's Animal House
85.4%
Mike Myers
Austin Powers: International Man of Mystery
82%
Tom Hanks
Big
79.6%
Cameron Diaz
There's Something About Mary
78.8%
Chevy Chase
Caddyshack
78.4%
Jim Carrey
Ace Ventura: Pet Detective
74.2%
Adam Sandler
Happy Gilmore
72.3%
Jason Biggs
American Pie
70.2%
Will Ferrell
Anchorman: The Legend of Ron Burgundy
70%
Mike Myers
Shrek
69.5%
Owen Wilson
Wedding Crashers
69.5%
Matthew Broderick
Ferris Bueller's Day Off
68.1%
Leslie Nielsen
The Naked Gun
67.3%
Trey Parker
South Park: Bigger, Longer, and Uncut
66.8%
Jon Heder
Napoleon Dynamite
66.3%
Gene Wilder
Blazing Saddles
64.7%
Steve Carell
The 40-Year-Old Virgin
64.7%
Ben Stiller
Meet the Parents
64.3%
Bill Murray
Ghostbusters
63.4%
Robert Hays
Airplane
62.9%
Bill Murray
Groundhog Day
62.7%
Eddie Murphy
Beverly Hills Cop
62.6%
Mike Myers
Wayne's World
62.1%
Steve Martin
The Jerk
61.6%
Robin Williams
Mrs. Doubtfire
61.3%
Alicia Silverstone
Clueless
60.3%
Will Ferrell
Old School
60%
Woody Allen
Annie Hall
59.8%
Gene Wilder
Young Frankenstein
59.2%
Chevy Chase
National Lampoon's Vacation
58.8%
Ben Stiller
Zoolander
58%
Sean Penn
Fast Times at Ridgemont High
57.7%
John Belushi
The Blues Brothers
57.5%
Molly Ringwald
Sixteen Candles
56.9%
Lead Actor
Movie
% Correct
Billy Crystal
When Harry Met Sally
53.5%
Peter Sellers
The Pink Panther
52.5%
Jack Black
School of Rock
52.2%
Jim Carrey
Dumb and Dumber
51.9%
Keanu Reeves
Bill and Ted's Excellent Adventure
51.4%
Reese Witherspoon
Legally Blonde
51.2%
Vince Vaughn
Dodgeball
50.2%
Jeff Bridges
The Big Lebowski
49.8%
Cary Elwes
The Princess Bride
48.9%
Kal Penn
Harold and Kumar Go to White Castle
48.8%
Ben Stiller
Meet the Fockers
47%
Paul Reubens
Pee-Wee's Big Adventure
46%
Dustin Hoffman
Tootsie
45.9%
Graham Chapman
Monty Python and the Holy Grail
45.7%
John Cleese
A Fish Called Wanda
44.9%
Adam Sandler
The Wedding Singer
44.1%
Dudley Moore
Arthur
43.8%
Whoopi Goldberg
Sister Act
43.8%
Billy Crystal
City Slickers
42.5%
Peter Sellers
Dr. Strangelove
41%
Vince Vaughn
Swingers
40.5%
Robin Williams
Good Morning Vietnam
40%
Nicolas Cage
Raising Arizona
39.9%
Eddie Murphy
The Nutty Professor
39.4%
Eddie Murphy
Trading Places
39.1%
Steve Martin
Father of the Bride
39.1%
Michael Keaton
Beetlejuice
38.7%
Ron Livingston
Office Space
38.7%
Jason Schwartzman
Rushmore
38.4%
Gene Wilder
The Producers
38.2%
Bill Murray
Stripes
37.4%
Rob Reiner
This is Spinal Tap
37.4%
Steve Guttenberg
Police Academy
36.8%
Kevin Costner
Bull Durham
36.5%
Lead Actor
Movie
% Correct
Trey Parker
Team America: World Police
36.1%
Dave Chappelle
Half Baked
35.5%
Brian O'Halloran
Clerks
32.4%
Jason London
Dazed and Confused
32.1%
Woody Allen
Manhattan
31.4%
Hugh Grant
Four Weddings and a Funeral
31.4%
Donald Sutherland
M*A*S*H
30.6%
Parker Posey
Best in Show
30.3%
Bill Murray
What About Bob
29.2%
Goldie Hawn
Private Benjamin
28.4%
Steve Martin
Roxanne
27.2%
Craig T. Nelson
The Incredibles
26.4%
Matthew Broderick
Election
25.3%
Woody Harrelson
Kingpin
24.3%
Steve Martin
Three Amigos
23%
Woody Allen
Bananas
22.9%
Ruth Gordon
Harold and Maude
21.1%
Gene Wilder
Silver Streak
20.3%
Catherine O'Hara
Waiting for Guffman
19.8%
Nicolas Cage
Moonstruck
19.1%
Steve Martin
Dirty Rotten Scoundrels
18.2%
Warren Beatty
Shampoo
17.7%
Robert Carradine
Revenge of the Nerds
16.2%
Robin Williams
Birdcage
15.6%
Jane Fonda
9 to 5
13.9%
Paul Newman
Slapshot
13.3%
William Hurt
Broadcast News
12.2%
Richard Dreyfuss
American Grafitti
10.4%
Albert Brooks
Lost in America
9.1%
Ben Stiller
Flirting with Disaster
4.9%
Marilyn Joi
Kentucky Fried Movie
3.4%
Chris Albrecht
The Aristocrats
2.3%
Quiz Playlist
Details
Report
Send in Message
Add To Playlist
Classic:
Type in answers that appear in a list
Last Updated: Feb 16, 2017
Quiz Scoreboard
CHALLENGE
Sign Up to Join the Scoreboard
Show All
Scores
Hide
Comments
May contain spoilers
Recently Published
1-10 Letter E Words III
by El_Dandy
Language
2m
Street Fighter Characters
by Artimus82
Gaming
60s
College Basketball Coaching Resumes
by pancakes188
Sports
9m
More to Explore
Quiz From the Vault
Featured Blog Post
Where Did the Easter Bunny Come From?
hide this ad
You Might Also Like...
Tags
Actor Quiz
100
Bravo
Funny
lead
Today's Top Quizzes in Movies
Browse Movies
hide this ad
Today's Top Quizzes in Actor
Browse Actor
Top Contributed Quizzes in Movies
1
Pick 5 Posters: Directed by Spielberg
2
7-to-1: Pixar Characters
3
Hidden Star Wars Character II
4
Hidden Star Wars Character III
5
Pick 5 Posters: Lowest-Rated Spielberg
6
Sorting Actresses
7
Sorting Actors
8
Hidden Star Wars Character IV
9
Hidden Star Wars Character V
10
Pick 5 Posters: Directed by Scorsese
Explore More
Trending Topics
NBA
Anime
Disney
Marvel
Crossword
Kpop
Harry Potter
Country
NFL
The Office
Pokémon
Puzzle
Soccer
WWE
Song
hide this ad
More By:
Nolan
Quiz
Plays
Rating
Category
Featured
Created
Will Ferrell Movies by Antonym
2,260
2.15
Movies
Jan 28, 2010
Dukes of Hazzard Characters
2,235
4.00
Television
Sep 24, 2009
Jim Carrey Quotes
1,792
4.67
Movies
Oct 30, 2009
Rides at Universal Studios Orlando
1,201
2.57
Entertainment
Sep 25, 2009
Tyler Perry Movies
1,087
5.00
Movies
Sep 29, 2009
Go to Creator's Profile
Score Distribution
Quiz Creator Spotlight
Nolan
Follow
Send a Message
Quizzes Created
-
Created Quiz Play Count
-
More By This Creator
Popular Quizzes Today
1
Find the US States - No Outlines Minefield
2
Find the Countries of Europe - No Outlines Minefield
3
The Countries of the World
4
Find the US States
5
Risky Map Clicking: Biggest States A-Z
6
US States
7
Popular People in 1961
8
Movies - When Are They Set?
More Movies Quizzes
Actors & Actresses by Movie: 'J'
Published
Trending Quizzes
Risky Map Clicking: Least Populous States A-Z
1-10 Letter G Words
USA Borders Longest to Shortest
1-10 Letter F Words
Countries of the World: 200 Million BC
Recently Updated
Leaping Animals
pecheneg
Reality TV Shows (A-Z)
bhenderson79
Rickey Henderson's Hall of Fame Teammates
pecheneg
Champions League XIs: Arsenal
pecheneg
Quick Pick: Celebrities in WWE's Hall of Fame
aduchscher
A-Z Keypad Blitz II
pecheneg
Multiple Oscar Actors
pecheneg
Mystery Phrase Blitz: Oscar 'Best Actors'
pecheneg
F. Scott Fitzgerald Novels
LTH
Pick 3 Villains
ddd62291
Trending Topics
Harry Potter
Marvel
NBA
Disney
Kpop
Crossword
Anime
Song
WWE
Soccer
Puzzle
The Office
NFL
Pokémon
Country
Your Account Isn't Verified!
In order to create a playlist on Sporcle, you need to verify the email address you used during registration. Go to your
Sporcle Settings
to finish the process.
Report this User
Report this user for behavior that violates our
Community Guidelines
.
Details:
Send Report
Go to the Sporcle.com Mobile Site →
Comments